000
00242 a2200109 4500
001
51287
040
_c
Anchieta - Pituba
240
1
0
_a
Ideen 1
_l
245
1
0
_a
Ideen 1
650
4
_a
Línguas germânicas (teutônicas) língua alemã
942
_c
MX
999
_c
51287
_d
51287